000 00378nam a2200109Ia 4500
008 171204s9999 xx 000 0 und d
245 _aCybersecurity: Managing Systems, Conducting Testing, and Investigating Intrusions:
245 _cThomas J. Mowbray
260 _c2013
650 _xFUNDAMENTALS OF INFORMATION SECURITY
856 _uhttp://down.ebook777.com/044/1118697111C.pdf
999 _c347171
_d347171